Zvyšovanie kvality sociálnej starostlivosti na Slovensku

Bibliographic Details
Main Author: Sánches López, Felipe (Author)
Format: Article
Language:Slovak
PhysicalDescription:Fotografie
ISSN:1335-9444
Subjects:

MARC

LEADER 00000nab a2200000 4500
001 vtls012157700
003 SK-MaSNL
005 20260426091024.0
008 221222|2016 xo |||| || ||00 0|slo
015 |a SNBRB2022/12 
040 |a SPKCL  |b slo  |e rda 
041 |a slo 
043 |a e-xo- - - 
044 |a xo  |c SK 
072 7 |a 364  |x Sociálne problémy vyžadujúce podporu a pomoc. Sociálne zabezpečenie  |2 konspekt 
080 |a 364-3 (437.6)  |2 2011 
100 1 |a Sánches López, Felipe  |4 aut  |9 1507027 
245 1 0 |a Zvyšovanie kvality sociálnej starostlivosti na Slovensku  |c Felipe Sánchez López 
300 |b Fotografie 
336 |a text  |b txt  |2 rdacontent 
337 |a bez média  |b n  |2 rdamedia 
338 |a zväzok  |b nc  |2 rdacarrier 
650 0 7 |a sociálna starostlivosť  |2 SNKPH  |9 3737 
650 0 7 |a sociálne služby  |2 SNKPH  |9 3721 
650 0 7 |a zariadenia sociálnej starostlivosti  |2 SNKPH  |9 57271 
651 7 |a Slovensko  |2 SNKPHgeo  |9 14231 
773 0 |t Sestra  |g Roč. XV, č. 7-8 (2016)  |x 1335-9444 
773 0 8 |t Odborná príloha 152 Ošetrovateľská starostlivosť v geriatrii  |g Roč. XV (2016), s. 4-5 
958 |a NB 
999 |c 3011813  |d 3013743